[Event "4NCL Division 2c"]
[Site "Hinckley Island ENG"]
[Date "2014.05.03"]
[Round "9.46"]
[White "Collier, David O"]
[Black "Eames, Robert S"]
[Result "0-1"]
[WhiteElo "2050"]
[BlackElo "2228"]
[PlyCount "140"]
[EventDate "2014.05.03"]
[WhiteTeam "Bristol 1"]
[BlackTeam "Hackney"]

1. d4 Nf6 2. Bg5 Ne4 3. Bf4 c5 4. f3 Qa5+ 5. c3 Nf6 6. Nd2 cxd4 7. Nb3 Qb6 8.
Qxd4 Nc6 9. Qxb6 axb6 10. e4 d5 11. exd5 Nxd5 12. Bd2 e5 13. Bd3 Be6 14. Bc2 b5
15. a3 Nf4 16. Bxf4 exf4 17. Ne2 g5 18. h4 Be7 19. hxg5 Bxg5 20. O-O-O Bc4 21.
Ned4 O-O-O 22. Rxh7 Rxh7 23. Bxh7 Ne5 24. Bf5+ Kc7 25. Nc5 Kb6 26. Ne4 Be7 27.
Rh1 Rg8 28. Rh6+ Kc7 29. Bh3 Nd3+ 30. Kb1 Ne1 31. Nf5 Bf8 32. Rh5 Nxg2 33. Rg5
Rxg5 34. Nxg5 Ne3 35. Nd4 Be7 36. Ne4 Kb6 37. Kc1 Bd5 38. Nd2 Bh4 39. Ne2 Bg3
40. b3 Kc5 41. Nd4 Be1 42. Bd7 Bc6 43. Bxc6 bxc6 44. Ne2 Ng2 45. Ne4+ Kd5 46.
Kc2 f5 47. Ng5 c5 48. a4 bxa4 49. c4+ Kc6 50. bxa4 Bh4 51. Nh3 Ne1+ 52. Kd1
Nxf3 53. Nhxf4 Ne5 54. Nc3 Nxc4 55. Ke2 Nd6 56. Nfd5 Bg5 57. Kf3 Nc4 58. Nf4
Ne5+ 59. Kg3 c4 60. Ne6 Bd2 61. Nb5 Kd5 62. Nf4+ Kc5 63. Ne2 Nd3 64. Ned4 f4+
65. Kf3 Kd5 66. Ne2 Ne5+ 67. Kf2 Be3+ 68. Kf1 f3 69. Nec3+ Kc5 70. a5 Ng4 0-1

[Event "4NCL Division 2c"]
[Site "Hinckley Island ENG"]
[Date "2014.05.03"]
[Round "9.48"]
[White "Slade, Theo"]
[Black "Walker, Nicholas P"]
[Result "0-1"]
[WhiteElo "1812"]
[BlackElo "2177"]
[PlyCount "68"]
[EventDate "2014.05.03"]
[WhiteTeam "Bristol 1"]
[BlackTeam "Hackney"]

1. d4 d5 2. Nf3 c6 3. c4 Nf6 4. e3 Bf5 5. Nc3 e6 6. Nh4 Bg4 7. Qb3 b6 8. h3 Bh5
9. g4 Ne4 10. Nf3 Bg6 11. h4 Nxc3 12. bxc3 Be4 13. Be2 Be7 14. cxd5 exd5 15. h5
h6 16. Ba3 Nd7 17. Rg1 O-O 18. Nd2 c5 19. f3 c4 20. Qb2 Bh7 21. e4 Re8 22. Bxe7
Qxe7 23. e5 Qh4+ 24. Kf1 Nxe5 25. dxe5 Rxe5 26. Nxc4 dxc4 27. Bxc4 b5 28. Be2
Rae8 29. Re1 Rxe2 30. Rxe2 Bd3 31. Qd2 Rxe2 32. Qxe2 Bxe2+ 33. Kxe2 Qh2+ 34.
Kf1 Qxa2 0-1